000
00255nam a22001217a 4500
082
_a
891.43930
100
_a
Tariq Ismaeel Saagar
245
_a
GAREEFT
260
_a
Lahore,
_b
ILM O Irfan,
_c
2007.
300
_a
264p. ;
500
_a
Hardcover.
942
_c
BK
999
_c
32556
_d
32556